000 00211nam a2200097Ia 4500
008 190216s9999||||xx |||||||||||||| ||und||
100 _aRathna Swami
245 0 _aNingal Ariyendath
260 _bNull
942 _cBK
999 _c24270
_d24270